| 000 | 02490nam a22003377a 4500 | ||
|---|---|---|---|
| 001 | PPSZ 0263 | ||
| 003 | gtcocun | ||
| 005 | 20251006172544.0 | ||
| 006 | a||||gr|||| 00| 0 | ||
| 007 | ta | ||
| 008 | 251006b2025 gt ||||| m||| 00| 0 eng d | ||
| 040 |
_agtcocun _bSPA _cgtcocun _eRDA |
||
| 041 | _aSPA PPSA 0263 | ||
| 084 | _0PPSA 0263 | ||
| 100 |
_aCHUB QUIB, NIKTE’ FIDELIA DEL PILAR _eAutor |
||
| 245 |
_aINFORME FINAL DE LA PRÁCTICA PROFESIONAL SUPERVISADA, REALIZADA EN L A GRANJA PECUARIA DEL CENTRO UNIVERSITARIO DEL NORTE -CUNOR- UBICADA EN EL MUNICIPIO COBÁN, DEL DEPARTAMENTO DE ALTA VERAPAZ/ _cNIKTE’ FIDELIA DEL PILAR CHUB QUIB. _hImpreso |
||
| 264 |
_aCobán, Alta Verapaz: _bUniversidad de San Carlos de Guatemala, Centro Universitario del Norte, Carrera de Técnico en Producción Pecuaria _c2025 |
||
| 300 |
_a70 p.: _bIlustraciones, gráficas. _c28 cm; |
||
| 300 | _cPDF | ||
| 336 |
_2rdacontenido _aTexto _btxt |
||
| 337 |
_2rdamedio _aComputadora _bn |
||
| 338 |
_2rdasoporte _aCódigo en línea _bcr |
||
| 502 | _ePPSZ 0263 | ||
| 502 |
_aPráctica Profesional Supervisada _bCarrera de Técnico en Producción Pecuaria, _cUniversidad de San Carlos de Guatemala, Centro Universitario del Norte, Carrera de Técnico en Producción Pecuaria _d2025 _oPPSZ 0263 |
||
| 520 | 1 | 4 | _aLa práctica profesional supervisada se realizó como parte final del proceso de formación profesional del técnico en producción pecuaria, con el objetivo de contribuir en las diferentes unidades productivas pertenecientes a la granja pecuaria del CUNOR, Ubicada en el municipio de Cobán, Alta Verapaz. La práctica se desarrolló en los meses de octubre y noviembre del año 2023, con una duración de 30 días hábiles. En la ejecución de la PPS se realizó un diagnóstico situacional, para determinar las fortalezas, problemas y amenazas presentes en el sitio de práctica, basado al diagnóstico, se ejecutó un plan de trabajo para aportar en áreas deficientes en las unidades productivas que tiene la granja pecuaria, complementado con una investigación en la sección porcina. |
| 650 | 1 | 4 |
_2LEMB _aCobán, Alta Verapaz _xZootecnia _xPráctica _xProfesional _xDiagnóstico _xGranja _xInvestigación |
| 700 |
_aLcda. Dulce Aurora Cac Chocooj _eAsesor |
||
| 856 |
_uhttps://drive.google.com/file/d/1ckHrxgH5hPAeJLJKeNkS5P9OaulijfcN/view _yPDF _zUn ejemplar en línea. |
||
| 942 |
_2ddc _cTES _iPPSZ 0263 _kClasificación _n0 _6PPSZ_0263_000000000000000 |
||
| 999 |
_c2236 _d2236 |
||